000 00484nam a2200181Ia 4500
008 100917s9999 xx 000 0 und d
082 _b51809
100 _aसिनकर श्रीकांत
245 _aचार्जशीट
260 _bदिलिप प्रकाशन
_c1977
300 _a218
365 _b18
520 _aकथा
630 _aचार्जशीट
650 _aकथा
730 _aचार्जशीट
942 _cBOOK
999 _c657203
_d657200